Countries that Start with S - Alphabetical Order - Statistics

General Stats
  • This quiz has been taken 56 times
  • The average score is 20 of 26
Answer Stats
Country % Correct
Saint Kitts and Nevis
100%
Saint Lucia
100%
Saint Vincent and the Grenadines
96%
Samoa
92%
San Marino
88%
Senegal
83%
Slovakia
83%
Slovenia
83%
Sweden
83%
Sao Tome and Principe
79%
Serbia
79%
South Africa
79%
South Korea
79%
Sudan
79%
Seychelles
75%
South Sudan
75%
Spain
75%
Suriname
75%
Switzerland
75%
Saudi Arabia
71%
Sri Lanka
71%
Sierra Leone
67%
Solomon Islands
67%
Syria
67%
Singapore
63%
Somalia
63%
No matching quizzes found
Score Distribution
Percent of People with Each Score
Percentile by Number Answered
Your Score History
You have not taken this quiz